Wer? Wie? Was? Schülerarbeitsheft 2/1

Bibliographic Details
Main Author: Vieth, Thomas (Author)
Format: Book
Language:German
PhysicalDescription:68 s. ilustr. 30 cm
Published: Bratislava Orbis Pictus Istropolitana 1997
ISBN:8071581534
Edition:5. vyd.
Subjects:

MARC

LEADER 00000nam a2200000 a 4500
001 vtls001302296
003 SK-MaSNL
005 20260301155643.0
008 240313s1997 xo a r ger
015 |a SNBA1998/0100325 
020 |a 8071581534 
035 |a SNK000254343 
035 |a urn:nbn:sk:snk-amtj9g 
035 |a urn:nbn:sk:snk-am00c5pg 
035 |a 7019E64F-6EBE-4633-B393-0249603C97E3 
040 |a SNK  |b slo  |c SNK  |e AACR2 
041 0 |a ger 
044 |a xo  |c SK 
080 |a 372.880.30(075.2)(076.5)  |2 1981 
100 1 |a Vieth, Thomas  |4 aut  |9 47602 
245 1 |a Wer? Wie? Was? Schülerarbeitsheft  |n 2/1  |c [Thomas Vieth] 
250 |a 5. vyd. 
260 |a Bratislava  |b Orbis Pictus Istropolitana  |c 1997 
300 |a 68 s.  |b ilustr.  |c 30 cm 
500 |a Tir. slov. 
500 |a Ilustr. na tit. strane 
650 0 7 |a nemčina  |x učebnice zákl. škôl  |x zošity pracovné  |2 SNK  |9 288373 
655 7 |a učebnice  |2 SNK  |9 22521 
919 |a 80-7158-153-4 
958 |a TL 
958 |a UX 
999 |c 802066  |d 803996 
952 |t P60, <09>, [BOOK], {629}  |a SNK  |b SNK  |y NEVYP  |7 0  |o snkB 1140  |i snk4272/970918  |0 0  |1 0  |4 0  |d 1997-09-17  |l 0  |r 2005-01-02 00:00:00  |w 2026-02-24 
952 |t P60, <03>, [BOOK], {603}  |a SNK  |b SNK  |y PREZ  |7 0  |p 17A0092864  |o snkSB 57585/2/1  |i snkKSP 9599/97  |0 0  |1 0  |4 0  |d 1997-09-17  |f 1  |l 0  |r 2025-04-09 00:00:00  |w 2026-02-24 
952 |t P60, <04>, [BOOK], {604}  |a SNK  |b SNK  |y VYP  |7 0  |p 17A0092863  |o snkSB 57585/2/1 D1  |i snkKSP 9600/97  |0 0  |1 0  |4 0  |d 1997-09-17  |l 0  |r 2005-01-02 00:00:00  |w 2026-02-24